| 000 | 01794nam a2200313 a 4500 | ||
|---|---|---|---|
| 001 | 469151 | ||
| 005 | 20141121093840.0 | ||
| 008 | 030225s1997 ag 000 0 spa d | ||
| 020 | _a9879659708 | ||
| 035 | _a(Sirsi) 01-AAL-2745 | ||
| 035 | _astmp01-AAL-2745 | ||
| 082 |
_214 _a616.9 |
||
| 090 | _a616.9 S135 | ||
| 100 | 1 |
_aSaint-Bonnet, José Raúl _92403 |
|
| 245 | 1 | 0 |
_aKinesiología, sida y rehabilitación : _bprevención, infección, patologías asociadas, tratamientos / _cJosé Raúl Saint-Bonnet |
| 260 |
_aBuenos Aires : _bLuis Cuaranta, _c1997. |
||
| 300 |
_a190p. ; _bil. |
||
| 500 | _aBibliografía: p.187-190. | ||
| 505 | _aCapítulo 1 Características de la enfermedad. Su aparición. Primeros casos. Evolución. Etapas de la enfermedad. Capítulo 2 Sentimientos del portador. Actitud de la familia y entorno social. Capítulo 3 Posición profesional ante el enfermo. Capítulo 4 Formas de contagio. Capítulo 5 Riesgo profesional. Medidas preventivas.Bioseguridad. Manejo del paciente. Cuidados especiales. Capítulo 6 Patologías asociadas. Capítulo 7 Rehabilitación, definición, conceptos. Capítulo 8 Rehabilitación cardíaca. Capítulo 9 Rehabilitación motriz. Capítulo 10 Rehabilitación neurológica. Capítulo 11 Rehabilitación respiratoria. Capítulo 12 Manejo pediátrico. Capítulo 13 Conclusiones. | ||
| 650 | 0 |
_aSINDROME DE INMUNODEFICENCIA ADQUIRIDA _2decs _91683 |
|
| 650 | 0 |
_aENFERMEDADES TRANSMISIBLES _2decs _941 |
|
| 650 | 1 | 0 |
_aPREVENCION DE ENFERMEDADES TRANSMISIBLES _2decs _92405 |
| 650 | 1 | 0 |
_aREHABILITACION _2decs _92404 |
| 650 | 0 |
_aPATOLOGIA _2decs _9837 |
|
| 650 | 0 |
_aPEDIATRIA _2decs _9187 |
|
| 942 |
_2ddc _cLIBRO |
||
| 949 |
_aUCAR 01-AAL-2745 _wASIS _mBC _xCONVERSION |
||
| 990 | _aUniversidad Católica Argentina - Sistema de Bibliotecas | ||
| 999 |
_c2379 _d2379 |
||